000 00837nam a2200205 i 4500
001 160800
003 ES-MaACL
005 20250805062613.0
008 020902s1894 fr |||| | fre d
040 _aCCPB | B
_bspa
_cCCPB | B
100 1 _aNovicow, Jacques (
_d1849-1912)
_986078
245 1 4 _aLes gaspillages des sociétés modernes
_b: contribution a l'étude de la question sociale /
_cpar J. Novicow.
260 _aParis :
_bancienne Librairie Germer Baillière et Cie, Félix Alcan, éditeur,
_c1894 (
_eÉvreux :
_fimprimerie de Charles Hérissey)
300 _aX, 344 p. ;
_c21 cm.
490 1 _aBibliothèque de philosophie contemporaine
650 7 _aSociología
_2embne
_917195
830 0 _aBibliothèque de philosophie contemporaine
_9181027
852 _aES-MaACL
_jB-6894
_z-- Enc. pasta
999 _c160800
_d160800